Statistics for Super Bowl Locations

Click here to take the quiz!

General Stats

  • This quiz has been taken 21 times
    (20 since last reset)
  • The average score is 16 of 51

Answer Stats

Super BowlPerformer% Correct
LLevi's Stadium
60%
ILos Angeles Memorial Coliseum
50%
IIMiami Orange Bowl
50%
XIVRose Bowl
50%
XIRose Bowl
50%
XXIRose Bowl
50%
XVIIRose Bowl
50%
XLFord Field
40%
XXVIIIGeorgia Dome
40%
XXIIJack Murphy Stadium
40%
XXXVILouisiana Superdome
40%
XXXILouisiana Superdome
40%
XXLouisiana Superdome
40%
XXIVLouisiana Superdome
40%
XIILouisiana Superdome
40%
XVLouisiana Superdome
40%
IIIMiami Orange Bowl
40%
LINRG Stadium
40%
VIIIRice Stadium
40%
XXVIIRose Bowl
40%
XXVTampa Stadium
40%
IXTulane Stadium
40%
XXXIVGeorgia Dome
30%
XXVIHubert H. Humphrey Metrodome
30%
XXIIIJoe Robbie Stadium
30%
XXIXJoe Robbie Stadium
30%
VIILos Angeles Memorial Coliseum
30%
XLVIIIMetLife Stadium
30%
XIIIMiami Orange Bowl
30%
XMiami Orange Bowl
30%
VMiami Orange Bowl
30%
XVIPontiac Silverdome
30%
XXXVIIQualcomm Stadium
30%
XXXIIQualcomm Stadium
30%
XXXVRaymond James Stadium
30%
XVIXStanford Stadium
30%
XXXSun Devil Stadium
30%
XVIIITampa Stadium
30%
VITulane Stadium
30%
IVTulane Stadium
30%
XLIXUniversity of Phoenix Stadium
30%
XLVILucas Oil Stadium
20%
XLVIIMercedes-Benz Superdome
20%
XLIIIRaymond James Stadium
10%
XXXIIIReliant Stadium
10%
XLIIUniversity of Phoenix Stadium
10%
XLVCowboys Stadium
0%
XXXIXEverBank Field
0%
XXXIIIPro Player Stadium
0%
XLISun Life Stadium
0%
XLIVSun Life Stadium
0%

Score Distribution

Percentile by Number Answered

Percent of People with Each Score

Your Score History

You have not taken this quiz since the last reset